Score 0/38 Timer 04:00
0 Plays Today
Clue 4-Letter Word % Correct
Push's oppositePULL
98%
Voting placePOLL
96.8%
Warsaw nativePOLE
95.4%
What a model strikesPOSE
94.6%
Actual body of the boat• HULL •
91.8%
Quick kissPECK
88.9%
Sneak a lookPEEK
88.3%
Faxed or FedExedSENT
87.3%
Actress BlanchettCATE
87.3%
Pre-vacation taskPACK
86%
Banana featurePEEL
85.4%
AMC's The Walking ____DEAD
85.1%
Cod or Good HopeCAPE
83.4%
House ownership documentDEED
82.9%
After, to Julius CaesarPOST
82.1%
Meat spreadPÂTÉ
82%
Left side of the boat• PORT •
81.6%
Angry tiradeRANT
81%
Seasons of Love musicalRENT
80.2%
Clue 4-Letter Word % Correct
Duel distance unitPACE
78.5%
Listen carefully toHEED
77.9%
Command to FidoHEEL
75.5%
Fifth Beatles albumHELP!
71.4%
The balance of the boat• KEEL •
71.2%
Ocean plantKELP
70.8%
Lively or cheekyPERT
69.5%
Stare in wonderGAPE
69.1%
Gardening mossPEAT
67.9%
Castle towerKEEP
66.5%
Pool room triangleRACK
66%
With next highlight, method for comparing rowers• SEAT •
64.3%
Fire place?HELL
64%
Chessboard rowRANK
63.5%
With last highlight, method for comparing rowers• RACE •
50.6%
Price or costRATE
48.2%
Competition starting mechanism• GATE •
47.7%
PairDUAD
33.4%
Boat having 4 rowers with two oars each• QUAD •
27.7%

Today's Daily Dose

Remove Ads.
Support Sporcle.
Get the best of Sporcle when you Go Orange. This ad-free experience offers more features, more stats, and more fun while also helping to support Sporcle. Thank you for becoming a member.

You're not logged in!

Compare scores with friends on all Sporcle quizzes.
OR
Log In

Show Comments

Extras

Top Quizzes Today


Score Distribution

Your Account Isn't Verified!

In order to create a playlist on Sporcle, you need to verify the email address you used during registration. Go to your Sporcle Settings to finish the process.

Report this User

Report this user for behavior that violates our Community Guidelines.

Details: